| 000 | 00503nam a22001697a 4500 | ||
|---|---|---|---|
| 003 | NUST | ||
| 005 | 20260209162514.0 | ||
| 008 | 260209b ||||| |||| 00| 0 eng d | ||
| 020 | _a978-0070990104 | ||
| 082 | _a515.4 | ||
| 100 | _a Murray R. Spiegel | ||
| 245 |
_aComplex Variables / _bWith an Introduction to Conformal Mapping and its Applications / _c Murray R. Spiegel |
||
| 260 |
_aUSA: _bMcGraw-Hill Companies, _c2005 |
||
| 300 |
_a314 p ; _c27.6 cm |
||
| 563 | _aPaperback | ||
| 942 |
_2ddc _cBK |
||
| 999 |
_c616157 _d616157 |
||